Statistiques concernant 21 Savage quizz

Cliquez ici pour prendre le quiz!

Statistiques générales

  • Ce quiz a été pris 10 fois
  • Le résultat moyen est 6 sur 25

Statistiques - réponses

HintRéponse% Correct
La musique la plus stream en soloBank account
56%
Grâce à quoiA lot
44%
Artiste collaboratif 3Drake
44%
Album 2I Am > I Was
44%
Artiste collaboratif 2Metro boomin
44%
Ep 2Savage Mode
44%
Nom completShéyaa Bin Abraham-Joseph
44%
Age31 ans
33%
Album 3American Dream
33%
Album collaboratif 3Her Loss
33%
Lieu de naissanceLondres
22%
La musique la plus stream en featRockstar
22%
Album collaboratif 2Savage Mode II
22%
Mixtape 2slaughter king
22%
Album collaboratif 1Without Warning
22%
Le gang qui l'a rejoint21Gang
11%
Album 1Issa Album
11%
Artiste collaboratif 1Offset et Metro Boomin
11%
Premier single sortiPicky
11%
Quelle musique l'a fait connaitreRed Opps
11%
Mixtape 1The slaugther Tape
11%
Surnom21 et slaughter king
0%
Ep 1Free Guwop
0%
Qui sont ses 2 meilleurs amis mortsLarry White et JohnnyB
0%
Quelle Grammy a t'il gagnéMeilleur chanson de rap en 2020
0%

Distribution des résultats

Percentile par nombre de réponses

% des personnes avec chaque résultat

Votre développement - résultats

Vous n’avez pas pris ce quiz